Statistics for Most Spoken Languages in Canada

Click here to take the quiz!

General Stats

  • This quiz has been taken 39,823 times
    (39,313 since last reset)
  • The average score is 15 of 27

Answer Stats

StatusPopLanguage% Correct
Official19.4 milEnglish
100%
Official7.1 milFrench
99%
Immigrant458 kSpanish
94%
Immigrant384 kGerman
87%
Immigrant221 kPortuguese
81%
Immigrant188 kRussian
80%
Immigrant375 kItalian
79%
Immigrant592 kMandarin
77%
Immigrant419 kArabic
76%
Immigrant110 kHindi
71%
Immigrant153 kKorean
64%
Immigrant181 kPolish
63%
Immigrant565 kCantonese
55%
Immigrant156 kVietnamese
52%
Immigrant106 kGreek
50%
Immigrant431 kTagalog
50%
Immigrant102 kUkrainian
45%
Immigrant210 kUrdu
45%
Immigrant214 kPersian
43%
Indigenous32.0 kInuktitut
39%
Immigrant140 kTamil
32%
Immigrant501 kPunjabi
30%
Indigenous78.8 kCree
19%
Immigrant108 kGujarati
16%
Indigenous11.1 kOjibwe
12%
Indigenous10.9 kInnu
7%
Indigenous9.7 kChipewyan
6%

Score Distribution

Percentile by Number Answered

Percent of People with Each Score

Your Score History

You have not taken this quiz since the last reset